Obras Completas / (Record no. 6398)

000 -CABECERA
fixed length control field 00976nam a22002177a 4500
003 - IDENTIFICADOR DEL NÚMERO DE CONTROL
control field AR-CdUCM
008 - DATOS DE LONGITUD FIJA--INFORMACIÓN GENERAL
fixed length control field 190315b ||||| |||| 00| 0 spa d
040 ## - FUENTE DE LA CATALOGACIÓN
Agencia/entidad que catalogó originalmente la obra MUNICIPALIDAD PROVINCIAL DEL CUSCO
Entidad que transcribió la catalogación BIBLIOTECA MUNICIPAL DEL CUSCO
082 ## - NÚMERO DE LA CLASIFICACIÓN DECIMAL DEWEY
No. de Clasificación 081 /
Notacion interna C96
100 ## - ENTRADA PRINCIPAL--NOMBRE DE PERSONA
Nombre Personal Cúneo-Vidal, Rómulo
245 ## - MENCIÓN DE TÍTULO
Título Obras Completas /
300 ## - DESCRIPCIÓN FÍSICA
Nº de Páginas Extensión 483 páginas ;
Dimensiones 21cm
505 ## - NOTA DE CONTENIDO CON FORMATO
Nota de contenido formateada Contenido: t.1: Historia de la civilización peruana -- Cacicazgos del sur del Perú -- t.2: Francisco Pizarro -- t.3. Guerras de los últimos Incas peruanos -- t.4: Precursores y mártires de la independencia del Perú -- t.5: San Marcos de Arica -- Leyendas de Arica, Tarapaca y Atacama -- t.6: Diccionario histórico biográfico del sur del Perú -- t.7: Enciclopedia incana
650 ## - PUNTO DE ACCESO ADICIONAL DE MATERIA--TÉRMINO DE MATERIA
Descriptor Historia de los incas
9 (RLIN) 1515
650 ## - PUNTO DE ACCESO ADICIONAL DE MATERIA--TÉRMINO DE MATERIA
Descriptor Tahuantinsuyo
9 (RLIN) 9815
650 ## - PUNTO DE ACCESO ADICIONAL DE MATERIA--TÉRMINO DE MATERIA
Descriptor Incas
9 (RLIN) 303
650 ## - PUNTO DE ACCESO ADICIONAL DE MATERIA--TÉRMINO DE MATERIA
Descriptor Cacicazgos
9 (RLIN) 18205
650 ## - PUNTO DE ACCESO ADICIONAL DE MATERIA--TÉRMINO DE MATERIA
Descriptor Mártires
9 (RLIN) 18206
942 ## - ELEMENTOS DE PUNTO DE ACCESO ADICIONAL (KOHA)
Fuente de clasificación
Tipo de item Libros-BMC
945 ## - PROCESAMIENTO DE INFORMACIÓN LOCAL (OCLC)
Catalogador nom
Holdings
Estado de retiro (separado) Fuente de clasificación o esquema de estanterías Estado dañado Ubicación Sala donde se ubica Nombre de la colección Fecha de adquisición o compra Costo, precio normal en soles Signatura topográfica Código de Barras Última vez visto (Koha) Tipo de ítem (Koha)
No     Sala Humanidades Sala Humanidades Book Cart 2019-03-15 70.00 081 / C96 / t.1 SH0000007013 2019-03-15 Libros-BMC
No     Sala Humanidades Sala Humanidades Book Cart 2019-03-15 70.00 081 / C96 / t.2 SH0000007014 2019-03-15 Libros-BMC
No     Sala Humanidades Sala Humanidades Book Cart 2019-03-15 70.00 081 / C96 / t.4 SH0000007015 2019-03-15 Libros-BMC
No     Sala Humanidades Sala Humanidades Book Cart 2019-03-15 70.00 081 / C96 / t.5 SH0000007016 2019-03-15 Libros-BMC
No     Sala Humanidades Sala Humanidades Book Cart 2019-03-15 70.00 081 / C96 / t.6 SH0000007017 2019-03-15 Libros-BMC
No     Sala Humanidades Sala Humanidades Book Cart 2019-03-15 70.00 081 / C96 / t.7 SH0000007018 2019-03-15 Libros-BMC
No     Sala Humanidades Sala Humanidades Book Cart 2019-03-15 70.00 081 / C96 / t.5 /e.2 SH0000014598 2019-05-20 Libros-BMC
No     Sala Humanidades Sala Humanidades Book Cart 2019-05-22 70.00 081 / C96 / t.3 SH0000015154 2019-05-22 Libros-BMC

Powered by Koha